000 00205 a2200109 4500
020 _a653855038904
041 _aeng
100 _aDelta
245 _aScience Dictonary level 2
942 _cBK
952 _71
999 _c22890
_d22890